[Event "Portoroz op 14th"]
[Site "Portoroz"]
[Date "2023.07.20"]
[Round "7"]
[White "Ivic, Matija"]
[Black "Praznik, Niko"]
[Result "1-0"]
[WhiteElo "2148"]
[BlackElo "2318"]
[PlyCount "137"]
[EventDate "2023.07.15"]
[EventType "swiss"]
[EventRounds "9"]
[EventCountry "SLO"]
[SourceTitle "CBM 215 Extra"]
[Source "ChessBase"]
[SourceDate "2023.09.30"]
[SourceVersion "1"]
[SourceVersionDate "2023.09.30"]
[SourceQuality "1"]

1. d4 Nf6 2. Nf3 g6 3. c4 Bg7 4. g3 0-0 5. Bg2 d6 6. Nc3 Nbd7 7. 0-0 e5 8. h3 c6 9. e4 Qb6 10. c5 dxc5 11. dxe5 Ne8 12. e6 fxe6 13. Ng5 Ne5 14. f4 Nf7 15. Nxf7 Bd4+ 16. Kh2 Rxf7 17. e5 Bxc3 18. bxc3 Qc7 19. Be3 b6 20. c4 Ng7 21. g4 Bd7 22. Be4 Raf8 23. Qd3 Be8 24. Kg2 Rd7 25. Qc2 Bf7 26. a4 Kh8 27. a5 Bg8 28. axb6 axb6 29. Qb2 Rb8 30. Rfb1 Qd8 31. Bxc6 Rd3 32. Qe2 Bf7 33. Be4 Rd7 34. Ra6 Be8 35. Rb3 h5 36. Kg3 hxg4 37. hxg4 Nf5+ 38. gxf5 gxf5 39. Bg2 Rg7+ 40. Kf2 Qh4+ 41. Kf1 Bh5 42. Qf2 Qg4 43. Rd3 Kh7 44. Qd2 b5 45. cxb5 Rxb5 46. Ra1 c4 47. Rd7 Bf7 48. Qf2 Bh5 49. Rxg7+ Kxg7 50. Qd2 Rb3 51. Qd7+ Bf7 52. Qe7 Rb8 53. Qf6+ Kg8 54. Qg5+ Qxg5 55. fxg5 Rb3 56. Kf2 Rb2+ 57. Kg3 c3 58. Ra3 c2 59. Rc3 Be8 60. Rc8 Kf7 61. g6+ Kxg6 62. Rxe8 Rb3 63. Rxe6+ Kf7 64. Rc6 Rxe3+ 65. Kf4 Re2 66. Bd5+ Ke7 67. Bb3 Rf2+ 68. Ke3 Kd7 69. Ba4 1-0

[Event "Portoroz op 14th"]
[Site "Portoroz"]
[Date "2023.07.16"]
[Round "3"]
[White "Praznik, Niko"]
[Black "Skreno, Vladimir"]
[Result "1/2-1/2"]
[WhiteElo "2318"]
[BlackElo "2093"]
[PlyCount "105"]
[EventDate "2023.07.15"]
[EventType "swiss"]
[EventRounds "9"]
[EventCountry "SLO"]
[SourceTitle "CBM 215 Extra"]
[Source "ChessBase"]
[SourceDate "2023.09.30"]
[SourceVersion "1"]
[SourceVersionDate "2023.09.30"]
[SourceQuality "1"]

1. c4 Nf6 2. Nc3 c6 3. Nf3 g6 4. d4 Bg7 5. e4 d6 6. h3 0-0 7. Be2 Nbd7 8. 0-0 e5 9. d5 c5 10. Ne1 h6 11. Nd3 Re8 12. Rb1 b6 13. b4 cxb4 14. Rxb4 Nc5 15. Nxc5 bxc5 16. Rb1 Bd7 17. Bd2 Qc7 18. Qc2 a6 19. Rb2 Reb8 20. Rfb1 Bf8 21. Rb3 Kh7 22. Qb2 Rxb3 23. Qxb3 Be7 24. Qb7 Qxb7 25. Rxb7 Bd8 26. Bg4 Be8 27. Bd1 Ba5 28. f3 Kg7 29. Kf2 Bd7 30. Be1 Bc8 31. Rb2 Nd7 32. Na4 Bxe1+ 33. Kxe1 Rb8 34. Rxb8 Nxb8 35. Nb6 Bd7 36. Kd2 Kf6 37. Ke3 Kg5 38. Kf2 f5 39. g3 f4 40. h4+ Kf6 41. g4 g5 42. h5 Ke7 43. Ke2 Kd8 44. Ba4 Kc7 45. Nxd7 Nxd7 46. Bxd7 Kxd7 47. Kd3 Kc7 48. Kc3 Kb6 49. Kb3 Ka5 50. Ka3 Kb6 51. Ka4 a5 52. Kb3 Ka6 53. a4 1/2-1/2

[Event "AUT-chT2M 2223"]
[Site "Austria"]
[Date "2023.03.04"]
[Round "8.5"]
[White "Praznik, Niko"]
[Black "Wisnet, Dominic"]
[Result "1/2-1/2"]
[WhiteElo "2324"]
[BlackElo "2312"]
[PlyCount "63"]
[EventDate "2022.09.30"]
[EventType "team-tourn"]
[EventRounds "11"]
[EventCountry "AUT"]
[SourceTitle "CBM 213 Extra"]
[Source "ChessBase"]
[SourceDate "2023.05.31"]
[SourceVersion "1"]
[SourceVersionDate "2023.05.31"]
[SourceQuality "1"]
[WhiteTeam "St Veit/Glan"]
[BlackTeam "Sauwald"]
[WhiteTeamCountry "AUT"]
[BlackTeamCountry "AUT"]

1. c4 Nf6 2. g3 e5 3. Bg2 d6 4. Nc3 g6 5. e4 Nc6 6. Nge2 Bg7 7. d3 0-0 8. 0-0 Nd4 9. Nxd4 exd4 10. Ne2 c5 11. h3 Rb8 12. a4 b6 13. f4 Ne8 14. f5 a6 15. g4 b5 16. axb5 axb5 17. b3 g5 18. Ng3 Be5 19. Nh5 f6 20. h4 h6 21. Bd2 Rf7 22. Qc2 b4 23. Ra2 Ng7 24. Nxg7 Rxg7 25. h5 Bb7 26. Bf3 Rd7 27. Kg2 Kf7 28. Rfa1 Ra8 29. Rxa8 Bxa8 30. Qa2 Bc6 31. Qa5 Qxa5 32. Rxa5 1/2-1/2

[Event "SLO-chT1 West"]
[Site "Slovenia"]
[Date "2022.10.23"]
[Round "9.2"]
[White "Praznik, Niko"]
[Black "Drnovsek, Gal"]
[Result "1/2-1/2"]
[WhiteElo "2324"]
[BlackElo "2393"]
[PlyCount "151"]
[EventDate "2022.10.07"]
[EventType "team-tourn"]
[EventRounds "9"]
[EventCountry "SLO"]
[SourceTitle "EXT 2024"]
[Source "ChessBase"]
[SourceDate "2023.10.10"]
[SourceVersion "1"]
[SourceVersionDate "2023.10.10"]
[SourceQuality "1"]
[WhiteTeam "Vrhnika"]
[BlackTeam "Kranj Tomo Zupan"]
[WhiteTeamCountry "SLO"]
[BlackTeamCountry "SLO"]

1. Nf3 d5 2. b3 Bf5 3. Bb2 e6 4. c4 Nd7 5. g3 Ngf6 6. Bg2 h6 7. 0-0 Be7 8. d3 0-0 9. Nbd2 a5 10. a3 c6 11. Rc1 Bh7 12. Qc2 Qb8 13. Qb1 e5 14. cxd5 cxd5 15. Qa1 d4 16. Rfe1 Re8 17. h3 Bf8 18. e3 Nc5 19. exd4 Nxd3 20. dxe5 Nxe1 21. Rxe1 Nd7 22. Ne4 Bxe4 23. Rxe4 Nc5 24. Re3 Qc7 25. Qb1 Rad8 26. Nd4 Ne6 27. Nxe6 Rxe6 28. Rd3 Ree8 29. Bd5 Bc5 30. Qd1 Qe7 31. a4 Bb6 32. Qf3 Rf8 33. Kg2 Rc8 34. Bc4 Rc6 35. Qf5 Qg5 36. Qf3 Qg6 37. Rd7 Rc7 38. Rxc7 Bxc7 39. Qxb7 Qb6 40. Qd5 Kh8 41. Ba3 Rb8 42. Qxf7 Bxe5 43. Bd5 Qf6 44. f4 Qxf7 45. Bxf7 Bf6 46. Kf3 Rd8 47. Bc4 g6 48. Bc5 Bc3 49. Ke4 Kg7 50. Bd5 Kf6 51. Bb6 Rc8 52. Kd3 Be1 53. Bd4+ Ke7 54. g4 Rc1 55. f5 gxf5 56. gxf5 Rd1+ 57. Kc4 Rxd4+ 58. Kxd4 Kf6 59. Ke4 Bd2 60. Be6 Bc3 61. Kf4 Bd2+ 62. Kg4 Kg7 63. Kh5 Bc3 64. Bc4 Bd2 65. Bd3 Bc3 66. Bc2 Bd2 67. h4 Bc3 68. Bb1 Bd2 69. b4 Bxb4 70. f6+ Kxf6 71. Kxh6 Bd2+ 72. Kh7 Be1 73. h5 Bd2 74. Bc2 Be3 75. h6 Bd2 76. Bd3 1/2-1/2

[Event "AUT-chT2M 2223"]
[Site "Austria"]
[Date "2022.09.30"]
[Round "1.3"]
[White "Praznik, Niko"]
[Black "Krebs, Johann"]
[Result "1-0"]
[WhiteElo "2324"]
[BlackElo "2232"]
[PlyCount "85"]
[EventDate "2022.09.30"]
[EventType "team-tourn"]
[EventRounds "11"]
[EventCountry "AUT"]
[SourceTitle "CBM 210 Extra"]
[Source "ChessBase"]
[SourceDate "2022.11.30"]
[SourceVersion "1"]
[SourceVersionDate "2022.11.30"]
[SourceQuality "1"]
[WhiteTeam "St Veit/Glan"]
[BlackTeam "Frauental"]
[WhiteTeamCountry "AUT"]
[BlackTeamCountry "AUT"]

1. Nf3 c5 2. b3 Nf6 3. Bb2 g6 4. e3 Bg7 5. d4 0-0 6. Nbd2 b6 7. Bd3 Bb7 8. 0-0 d6 9. c4 Nbd7 10. a4 d5 11. a5 Ba6 12. Qe2 Qc7 13. Rfc1 Rfc8 14. e4 dxe4 15. Nxe4 e6 16. Rd1 Rd8 17. Bc2 Bb7 18. Nc3 Qf4 19. Qe3 Qxe3 20. fxe3 Ng4 21. Bc1 Bh6 22. Re1 Bxf3 23. gxf3 Nxe3 24. Bxe3 Bxe3+ 25. Rxe3 cxd4 26. Rd3 Ne5 27. Nb5 Nxd3 28. Bxd3 bxa5 29. Rxa5 a6 30. Nc7 Ra7 31. Nxa6 Rb8 32. Ra3 Kg7 33. c5 Kf6 34. c6 Rc8 35. Bb5 Ke5 36. Kf2 Kd6 37. Ra4 e5 38. c7 f5 39. Rc4 Rb7 40. Rc6+ Ke7 41. Bc4 Kd7 42. Re6 Rb5 43. Rf6 1-0

[Event "St Veit op 41st"]
[Site "St Veit"]
[Date "2022.07.13"]
[Round "6"]
[White "Praznik, Niko"]
[Black "Fuchs, Patrick"]
[Result "1-0"]
[WhiteElo "2325"]
[BlackElo "1990"]
[PlyCount "61"]
[EventDate "2022.07.09"]
[EventType "swiss"]
[EventRounds "9"]
[EventCountry "AUT"]
[SourceTitle "CBM 209 Extra"]
[Source "ChessBase"]
[SourceDate "2022.09.30"]
[SourceVersion "1"]
[SourceVersionDate "2022.09.30"]
[SourceQuality "1"]

1. Nf3 d5 2. b3 Nf6 3. Bb2 e6 4. c4 c6 5. e3 Bd6 6. d4 0-0 7. Nbd2 Nbd7 8. Bd3 Re8 9. Ne5 Qc7 10. f4 b6 11. 0-0 a5 12. g4 Nf8 13. a3 N6d7 14. g5 Bb7 15. Rf3 c5 16. Rh3 Bxe5 17. fxe5 Ng6 18. cxd5 Bxd5 19. Ne4 cxd4 20. Nd6 Ndxe5 21. Nxe8 Rxe8 22. Bxg6 hxg6 23. Rc1 Qb7 24. Qxd4 f6 25. gxf6 gxf6 26. Qh4 Nf3+ 27. Rxf3 Bxf3 28. Qxf6 Re7 29. Rf1 e5 30. Rxf3 Rf7 31. Qxf7+ 1-0

[Event "St Veit op 41st"]
[Site "St Veit"]
[Date "2022.07.11"]
[Round "4"]
[White "Praznik, Niko"]
[Black "Miazhynski, Yuri"]
[Result "1/2-1/2"]
[WhiteElo "2325"]
[BlackElo "2166"]
[PlyCount "121"]
[EventDate "2022.07.09"]
[EventType "swiss"]
[EventRounds "9"]
[EventCountry "AUT"]
[SourceTitle "CBM 209 Extra"]
[Source "ChessBase"]
[SourceDate "2022.09.30"]
[SourceVersion "1"]
[SourceVersionDate "2022.09.30"]
[SourceQuality "1"]

1. Nf3 Nf6 2. c4 g6 3. g3 Bg7 4. Bg2 0-0 5. 0-0 d5 6. cxd5 Nxd5 7. d4 Nc6 8. e4 Nb6 9. d5 Na5 10. Nc3 c6 11. Re1 Nac4 12. h3 e6 13. dxc6 Qxd1 14. Nxd1 bxc6 15. Rb1 Nd7 16. Ne3 Ncb6 17. b3 Ba6 18. Bf1 Bxf1 19. Kxf1 a5 20. Ba3 Rfc8 21. Bd6 Bc3 22. Re2 Bb4 23. Rd1 Bxd6 24. Rxd6 a4 25. Rc2 axb3 26. axb3 c5 27. Nc4 Nxc4 28. Rxd7 Na5 29. Ng5 Nxb3 30. Nxf7 c4 31. Nd6 Rd8 32. Rxd8+ Rxd8 33. Nxc4 Rd4 34. Ne5 Rxe4 35. Rc8+ Kg7 36. Rc7+ Kf8 37. Nd7+ Ke7 38. Nc5+ Kd6 39. Nxe4+ Kxc7 40. Ng5 h6 41. Nxe6+ Kd6 42. Nf4 g5 43. Nd3 Ke6 44. Ke2 Kf5 45. Ke3 Kf6 46. Nb4 Kf5 47. Nc6 Kf6 48. Nd4 Nc5 49. Nf3 Kf5 50. Nd4+ Kf6 51. f4 gxf4+ 52. Kxf4 Nd3+ 53. Kg4 Kg6 54. Nc6 Nf2+ 55. Kh4 h5 56. Nd4 Kh6 57. Nf5+ Kg6 58. Ne7+ Kh6 59. Nd5 Ne4 60. Nf4 Nf6 61. g4 1/2-1/2

[Event "SLO-chT 31st"]
[Site "Ljubljana"]
[Date "2021.09.11"]
[Round "2.5"]
[White "Mazi, Leon"]
[Black "Praznik, Niko"]
[Result "1/2-1/2"]
[WhiteElo "2345"]
[BlackElo "2348"]
[PlyCount "73"]
[EventDate "2021.09.10"]
[EventType "team-tourn"]
[EventRounds "9"]
[EventCountry "SLO"]
[SourceTitle "CBM 204 Extra"]
[Source "ChessBase"]
[SourceDate "2021.11.30"]
[SourceVersion "1"]
[SourceVersionDate "2021.11.30"]
[SourceQuality "1"]
[WhiteTeam "Kranj Tomo Zupan"]
[BlackTeam "Vrhnika"]
[WhiteTeamCountry "SLO"]
[BlackTeamCountry "SLO"]

1. e4 e6 2. d4 d5 3. exd5 exd5 4. Bd3 Nc6 5. c3 Bd6 6. Qf3 Nge7 7. Ne2 Be6 8. Bf4 Qd7 9. Bxd6 Qxd6 10. Qg3 Qxg3 11. hxg3 Bf5 12. Bxf5 Nxf5 13. g4 Nd6 14. Nd2 Kd7 15. f3 h6 16. Nf4 Ne7 17. Kf2 c6 18. Rae1 Rae8 19. Nb3 b6 20. Nc1 Nec8 21. Ncd3 f6 22. Nh5 Rxe1 23. Rxe1 Ne8 24. Ndf4 Rf8 25. Ng3 Rf7 26. Nf5 Ne7 27. Ne3 Nd6 28. Nd3 Rf8 29. Re2 Rh8 30. Nf4 Rf8 31. Re1 Rf7 32. Nf1 Nec8 33. Ng3 Ne7 34. Nd3 Nec8 35. Nh5 Ne8 36. Nhf4 Re7 37. Rxe7+ 1/2-1/2

[Event "SLO-chT1 West 29th"]
[Site "Slovenia"]
[Date "2019.10.18"]
[Round "7.1"]
[White "Praznik, Niko"]
[Black "Spalir, Jernej"]
[Result "1/2-1/2"]
[WhiteElo "2382"]
[BlackElo "2423"]
[PlyCount "104"]
[EventDate "2019.09.20"]
[EventType "team-tourn"]
[EventRounds "9"]
[EventCountry "SLO"]
[SourceTitle "CBM 192 Extra"]
[Source "Chessbase"]
[SourceDate "2019.11.06"]
[SourceVersion "1"]
[SourceVersionDate "2019.11.06"]
[SourceQuality "1"]
[WhiteTeam "Vrhnika"]
[BlackTeam "Posocje"]
[WhiteTeamCountry "SLO"]
[BlackTeamCountry "SLO"]

1. Nf3 Nf6 2. d4 e6 3. e3 b6 4. Bd3 Bb7 5. Nbd2 d5 6. Ne5 Bd6 7. f4 a6 8. 0-0 Nbd7 9. Ndf3 Ne4 10. Nxd7 Qxd7 11. Ne5 Qe7 12. Bd2 0-0 13. Bxe4 dxe4 14. Nc4 Bd5 15. Nxd6 cxd6 16. b3 b5 17. Ba5 Rfc8 18. c3 f5 19. Kh1 Qh4 20. Rg1 Qf2 21. Qe1 Qxe1 22. Raxe1 Bc6 23. g4 fxg4 24. Rxg4 Be8 25. Rg5 h6 26. Rg3 Bh5 27. h4 d5 28. Reg1 g6 29. Kh2 Kf7 30. Kg2 Kf6 31. Kf2 Ra7 32. Ke1 Kf5 33. Kd2 Kf6 34. Kc1 Rb7 35. Kb2 Kf5 36. Bb4 Kf6 37. Ra1 Rg8 38. Bd6 Rd8 39. Bc5 Rg8 40. a4 Be2 41. axb5 axb5 42. Bd6 g5 43. fxg5+ hxg5 44. hxg5+ Rxg5 45. Rxg5 Kxg5 46. Rg1+ Kf5 47. Ka3 Ra7+ 48. Kb4 Bd3 49. Rg8 Ra1 50. Rf8+ Kg6 51. Be5 Rf1 52. Rxf1 Bxf1 1/2-1/2

[Event "SLO-chT1 West 29th"]
[Site "Slovenia"]
[Date "2019.09.20"]
[Round "1.1"]
[White "Petek, Primoz"]
[Black "Praznik, Niko"]
[Result "1-0"]
[WhiteElo "2063"]
[BlackElo "2382"]
[PlyCount "53"]
[EventDate "2019.09.20"]
[EventType "team-tourn"]
[EventRounds "9"]
[EventCountry "SLO"]
[SourceTitle "CBM 192 Extra"]
[Source "Chessbase"]
[SourceDate "2019.11.06"]
[SourceVersion "1"]
[SourceVersionDate "2019.11.06"]
[SourceQuality "1"]
[WhiteTeam "Gorenjka Lesce"]
[BlackTeam "Vrhnika"]
[WhiteTeamCountry "SLO"]
[BlackTeamCountry "SLO"]

1. c4 e5 2. Nc3 d6 3. g3 f5 4. d4 e4 5. f3 exf3 6. Nxf3 Nf6 7. Bg2 g6 8. 0-0 Bg7 9. Bg5 h6 10. Bxf6 Bxf6 11. e4 0-0 12. exf5 Bxf5 13. Nh4 Bxh4 14. Bxb7 Bf6 15. Bxa8 c6 16. g4 Bc8 17. Ne4 Bg7 18. Rxf8+ Qxf8 19. Qf1 Bxd4+ 20. Kg2 Qe7 21. Re1 Kg7 22. c5 dxc5 23. Qf4 Na6 24. Qd6 Qh4 25. Ng3 Kh7 26. Re7+ Bg7 27. Qe5 1-0

[Event "St Veit op 38th"]
[Site "St Veit"]
[Date "2019.07.11"]
[Round "7"]
[White "Praznik, Niko"]
[Black "Steindl, Johannes"]
[Result "1/2-1/2"]
[WhiteElo "2386"]
[BlackElo "2276"]
[PlyCount "91"]
[EventDate "2019.07.06"]
[EventType "swiss"]
[EventRounds "9"]
[EventCountry "AUT"]
[SourceTitle "EXT 2020"]
[Source "ChessBase"]
[SourceDate "2019.10.17"]
[SourceVersion "1"]
[SourceVersionDate "2019.10.17"]
[SourceQuality "1"]

1. c4 g6 2. Nc3 Nf6 3. e4 e5 4. g3 Bg7 5. Bg2 Nc6 6. Nge2 d6 7. 0-0 Bg4 8. h3 Bxe2 9. Nxe2 Nd7 10. d3 Nc5 11. a3 a5 12. b3 h5 13. Bb2 h4 14. g4 0-0 15. f4 Qb8 16. Kh1 b5 17. Rb1 bxc4 18. bxc4 Qb3 19. d4 Nxd4 20. Nxd4 exd4 21. e5 Rab8 22. Bxd4 Qxb1 23. Qxb1 Rxb1 24. Rxb1 Ne6 25. Bc3 Nxf4 26. Bxa5 Nxg2 27. Kxg2 Rc8 28. Rb7 Bxe5 29. Bxc7 Kg7 30. c5 Ra8 31. Rb3 Ra4 32. Rd3 Kf6 33. Bxd6 Rc4 34. Rf3+ Ke6 35. Re3 f6 36. Kf3 Kd5 37. Rd3+ Bd4 38. Bf8 Ke5 39. Rb3 Kd5 40. Be7 Ke6 41. Bd6 Bxc5 42. Bxc5 Rxc5 43. a4 Ke5 44. Rb5 Rxb5 45. axb5 Kd5 46. Kf4 1/2-1/2